| 000 | 00851nam a2200229Ia 4500 | ||
|---|---|---|---|
| 999 |
_c31162 _d31162 |
||
| 003 | GCL | ||
| 005 | 20240530102302.0 | ||
| 008 | 140319s9999 xx 000 0 ara d | ||
| 040 |
_aGCL / _cGCL |
||
| 082 | 0 | 4 |
_a623.73 \ _bح م |
| 100 | 1 | _aحسن الكمشوشى | |
| 245 | 1 | 2 |
_aالهوائيات والميكروكمبيوتر / _cحسن الكمشوشى |
| 260 |
_a[S.N] : _bدار الراتب الجامعية ، _c1987 |
||
| 490 |
_aموسوعة الاتصالات العسكرية الهوائيات وانتشار الموجات والميكروكومبيوتر _v10 |
||
| 650 | 0 | 4 | _aالاتصالات |
| 650 | 0 | 4 | _aالتكنولوجيا |
| 650 | 0 | 4 | _aالهندسة الكهربية |
| 650 | 0 | 4 | _aالميكروفيلم |
| 650 | 0 | 4 | _aالاتصالات الالكترونية |
| 700 | 1 | _aاسر على ذكى | |
| 942 |
_2ddc _cBK |
||